Responses for Show #1626 - Monday, September 30, 1991

Contestants

[<< previous game]

Sue Kuelzer, a restaurant owner from Cambridge, Massachusetts

Logan McMinn, a sergeant major from Centreville, Virginia

Rand Owen, a librarian originally from Nashville, Tennessee (whose 2-day cash winnings total $27,500)

[next game >>]

Jeopardy! Round responses

SCIENCE & NATURE
BREAKFAST CEREALS
BASEBALL
FAIRY TALE ANIMALS
ODDS & ENDS
CROSSWORD CLUES: "L"
    $100 3
helium

Logan
    $100 1
Spoon Size

Rand
    $100 20
Babe Ruth

Sue
    $100 13
The Three Bears

Sue
    $100 9
carpet

Sue
    $100 5
lunch

Logan
    $200 4
parasite

Rand
    $200 2
Apple

Logan
    $200 21
Astros

Rand
    $200 14
Seven

Sue
    $200 10
sewing machine

Sue
    $200 6
(Logan: What are links?)

link

LoganSue
    $300 12
molting

Sue
    $300 18
marshmallows

Sue
    $300 27
Nolan Ryan

Triple Stumper
    $300 15
Hans Christian Andersen

Logan
    $300 11
Phi Beta Kappa

Logan
    $300 7
lightning

Sue
    $800 16
(Logan: What is Neptune?)

Saturn

Logan
    $400 19
Triples

Logan
    $400 28
Ted Williams

Sue
    $400 23
Billy Goats Gruff

Rand
    $400 25
9

Rand
    $400 8
luxury

Triple Stumper
    $500 17
Ficus

Logan
    $500 22
Froot Loops

Logan
    $500 29
Sparky Anderson

Triple Stumper
    $500 24
(Rand: What is Hamelin?)

Bremen

RandSue
    $500 26
Swiss

Sue
    $500 30
lips

Sue

Scores at the first commercial break (after clue 15):

Rand Logan Sue
$300 $800 $1,400

Scores at the end of the Jeopardy! Round:

Rand Logan Sue
$800 $1,400 $3,700

Double Jeopardy! Round responses

WORLD HISTORY
THE KENNEDY WOMEN
RECENT PLAYS
BRITISH FASHION HISTORY
FAMOUS DOUGLASES
COUNTIES
    $200 9
Peter the Great

Logan
    $200 1
100th

Rand
    $200 14
Jelly Roll Morton

Logan
    $200 18
macaroni

Logan
    $200 19
Orville

Sue
    $200 6
[Rand called for the clue with a Kennedy-esque accent, drawing laughs.]

Florida

Sue
    $400 10
India

Rand
    $400 2
Ethel Skakel

Rand
    $400 15
Cathy Rigby

Rand
    $400 27
tar

Logan
    $400 20
Stephen Douglas

Logan
    $400 7
Peach County

Rand
    $600 11
(Logan: Who is Kruger?)

Cecil Rhodes

RandLogan
    $600 3
(Rand: Who is Joan Kennedy?)

Jackie Kennedy

RandSue
    $600 16
Miss Saigon

Rand
    $600 28
tie it

Logan
    $600 21
"The Lady of the Lake"

Logan
    $600 8
Wyoming

Logan
    $4,600 12
(Alex: There are no more Daily Doubles in this round of play.)
(Rand: Too bad.)
[Laughter]

Anastasio Somoza

Rand
    $800 4
Caroline Kennedy

Rand
    $800 17
Will Rogers

Logan
    $800 29
(Logan: What is Epsom?)
(Sue: What is Ascot?)

Bowler

LoganSue
Triple Stumper
    $800 22
British Columbia

Logan
    $800 24
Kit Carson

Rand
    $1000 13
(Rand: Who is King Charles?)

Leopold (III)"

RandSue
    $1,600 5
Eunice Kennedy Shriver

Rand
    $1000 23
Australia

Rand
    $1000 30
trench coat

Logan
    $1000 25
(Logan: Who is William Douglas?)
(Rand: Who is Norman O. Douglas?)

Lloyd C. Douglas

RandLogan
Triple Stumper
    $1000 26
(Logan: What is Arizona?)
(Rand: [hand to his forehead] )

Oklahoma

RandLoganSue

Scores at the end of the Double Jeopardy! Round:

Rand Logan Sue
$9,000 $3,800 $5,900

[wagering suggestions for these scores]

Final Jeopardy! Round responses

THE OLD TESTAMENT
LoganWhat are Exodus and Leviticus
$2,101
SueWhat is are Exodus & Leviticus
$5,000
RandWhat are Leviticus & Deuteronomy and Exodus?
$2,801
Exodus & Deuteronomy

Final scores:

Rand Logan Sue
$11,801 $1,699 $900
3-day champion: $39,301 2nd place: Panasonic camcorder & Ashley entertainment center 3rd place: Samsung 27" tv & NES with Super Jeopardy! + Wheel of Fortune & InfoGenius for Game Boy

Game dynamics:

Coryat scores:

Rand Logan Sue
$4,600 $4,600 $5,900
17 R
(including 2 DDs),
5 W
19 R,
6 W
(including 1 DD)
18 R,
1 W

Combined Coryat: $15,100

[game clues] [game scores] [suggest correction]

Game tape date: 1991-08-19
The J! Archive is created by fans, for fans. Scraping, republication, monetization, and malicious use prohibited; this site may use cookies and collect identifying information. See terms. The Jeopardy! game show and all elements thereof, including but not limited to copyright and trademark thereto, are the property of Jeopardy Productions, Inc. and are protected under law. This website is not affiliated with, sponsored by, or operated by Jeopardy Productions, Inc. Join the discussion at JBoard.tv.